Homilías del Tiempo Pascual / (Record no. 80612)

MARC details
000 -LEADER
campo de control de longitud fija 00657nam a2200217 i 4500
001 - NÚMERO DE CONTROL
campo de control 80612
003 - IDENTIFICADOR DE NÚMERO DE CONTROL
campo de control ES-MaACL
005 - FECHA Y HORA DE LA ÚLTIMA TRANSACCIÓN
campo de control 20230906174244.0
007 - CAMPO FIJO DE DESCRIPCIÓN FÍSICA--INFORMACIÓN GENERAL
campo de control de longitud fija t|
008 - DATOS DE LONGITUD FIJA--INFORMACIÓN GENERAL
campo de control de longitud fija 041028s1969 sp ||||1| spa d
245 00 - MENCIÓN DEL TÍTULO
Título Homilías del Tiempo Pascual /
Mención de responsabilidad, etc. traducción de Carlos Castro Cubells y Julio Bondía Blay.
260 ## - PUBLICACIÓN, DISTRIBUCIÓN, ETC.
Lugar de publicación, distribución, etc. Madrid :
Nombre del editor, distribuidor, etc. Rialp,
Fecha de publicación, distribución, etc. [1969]
300 ## - DESCRIPCIÓN FÍSICA
Extensión 152 p. ;
Dimensiones 15 cm.
490 1# - MENCIÓN DE SERIE
Mención de serie Nebli ;
Designación de volumen o secuencia 39
500 ## - NOTA GENERAL
Nota general Precede al tít.: Santos Padres.
700 1# - ENTRADA AGREGADA--NOMBRE PERSONAL
Nombre de persona Castro Cubells, Carlos.
9 (RLIN) 36913
700 1# - ENTRADA AGREGADA--NOMBRE PERSONAL
Nombre de persona Bondía Blay, Julio.
9 (RLIN) 30091
830 0# - PUNTO DE ACCESO ADICIONAL DE SERIE-TÍTULO UNIFORME
Título uniforme Nebli ;
Designación de volumen o secuencia 39
9 (RLIN) 228927
852 ## - LOCALIZACIÓN
Ubicación ES-MaACL
Número de control de estantería C-51277
Sublocalización o colección R.71461
Holdings
Estatus retirado Estado de pérdida Estado de daño No para préstamo Biblioteca de origen Biblioteca actual Ubicación en estantería Fecha de adquisición Fuente de adquisición Total de préstamos Signatura topográfica completa Código de barras Visto por última vez Precio de reemplazo Tipo de ítem Koha
        Biblioteca del Ateneo de Madrid Biblioteca del Ateneo de Madrid Depósito 2 17/01/2008     C-51277 1084279 23/02/2023 23/02/2023 Libro impreso